| 000 | 00521nam a22001457a 4500 | ||
|---|---|---|---|
| 008 | 230511b |||||||| |||| 00| 0 eng d | ||
| 040 |
_aNational Science Library _cNational Science Library |
||
| 080 |
_a575 _bM0 |
||
| 245 |
_aNew research in biology & genetics: _c/ Proceedings of the International symposium, Hamdard Academy, December 1979, Islamabad _bProblems of science and ethics |
||
| 260 |
_aKarachi: _bHamdard Academy, _c1979 |
||
| 300 | _a384p. | ||
| 650 | _aScience | ||
| 653 | _aBiology | ||
| 942 |
_2udc _cPR |
||
| 999 |
_c29490 _d29490 |
||